[Event "DEM U10 2025"]
[Site "Willingen GER"]
[Date "2025.06.14"]
[Round "9"]
[White "Ni, Wilhelm Zeyin"]
[Black "Al Luwaisi, Taim"]
[Result "1-0"]
[Termination "normal"]
[Board "10"]
[WhiteElo "1654"]
[BlackElo "1694"]
[WhiteClock "00:21:47"]
[BlackClock "01:00:50"]
[PlyCount "77"]
[WhiteFideId "34675337"]
[BlackFideId "34645896"]
[EventCountry "GER"]
[EventRounds "9"]
[EventType "swiss"]
[EventDate "2025.06.07"]

1. e4 {[%clk 01:30:58]} {[%emt 00:00:02]} e6 {[%clk 01:30:42]} {[%emt
00:00:17]} 2. d4 {[%clk 01:31:21]} {[%emt 00:00:07]} d5 {[%clk 01:31:08]}
{[%emt 00:00:04]} 3. e5 {[%clk 01:31:45]} {[%emt 00:00:06]} c5 {[%clk
01:31:33]} {[%emt 00:00:05]} 4. c3 {[%clk 01:32:11]} {[%emt 00:00:04]} Nc6
{[%clk 01:31:59]} {[%emt 00:00:04]} 5. Nf3 {[%clk 01:32:38]} {[%emt 00:00:04]}
Nge7 {[%clk 01:32:23]} {[%emt 00:00:07]} 6. dxc5 {[%clk 01:23:41]} {[%emt
00:09:27]} Ng6 {[%clk 01:32:27]} {[%emt 00:00:26]} 7. Bb5 {[%clk 01:08:48]}
{[%emt 00:15:22]} Bxc5 {[%clk 01:32:27]} {[%emt 00:00:29]} 8. Nbd2 {[%clk
01:04:05]} {[%emt 00:05:14]} O-O {[%clk 01:32:28]} {[%emt 00:00:29]} 9. Nb3
{[%clk 01:02:43]} {[%emt 00:01:52]} Bb6 {[%emt 00:01:30]} 10. Bxc6 {[%clk
01:01:39]} {[%emt 00:00:37]} bxc6 {[%clk 01:32:46]} {[%emt 00:00:09]} 11. O-O
{[%clk 01:01:56]} {[%emt 00:00:13]} Ba6 {[%clk 01:21:26]} {[%emt 00:11:49]} 12.
Re1 {[%clk 01:01:16]} {[%emt 00:01:09]} Nh4 {[%clk 01:20:29]} {[%emt 00:01:27]}
13. Be3 {[%clk 00:57:28]} {[%emt 00:04:19]} Nxf3+ {[%clk 01:18:58]} {[%emt
00:02:01]} 14. Qxf3 {[%clk 00:57:03]} {[%emt 00:00:55]} f6 {[%clk 01:17:25]}
{[%emt 00:02:02]} 15. Qh3 {[%clk 00:55:13]} {[%emt 00:02:20]} Qe7 {[%clk
01:15:53]} {[%emt 00:02:02]} 16. Bd4 {[%clk 00:51:04]} {[%emt 00:04:39]} f5
{[%clk 01:13:01]} {[%emt 00:03:22]} 17. Bxb6 {[%clk 00:47:41]} {[%emt
00:03:53]} axb6 {[%clk 01:11:11]} {[%emt 00:02:20]} 18. f4 {[%clk 00:42:15]}
{[%emt 00:05:56]} Rae8 {[%clk 01:09:08]} {[%emt 00:02:33]} 19. Kh1 {[%clk
00:40:02]} {[%emt 00:02:44]} Kh8 {[%clk 01:09:28]} {[%emt 00:00:09]} 20. Re3
{[%clk 00:39:56]} {[%emt 00:00:35]} g5 {[%clk 01:08:29]} {[%emt 00:01:30]} 21.
fxg5 {[%clk 00:37:15]} {[%emt 00:03:11]} Qxg5 {[%clk 01:08:52]} {[%emt
00:00:07]} 22. Rg3 {[%clk 00:34:47]} {[%emt 00:02:58]} Qf4 {[%clk 01:09:17]}
{[%emt 00:00:05]} 23. Nd4 {[%clk 00:34:43]} {[%emt 00:00:33]} c5 {[%clk
01:08:31]} {[%emt 00:01:15]} 24. Nf3 {[%clk 00:35:03]} {[%emt 00:00:10]} Rg8
{[%clk 01:08:23]} {[%emt 00:00:38]} 25. Qh5 {[%clk 00:31:46]} {[%emt 00:03:48]}
Ref8 {[%clk 01:08:04]} {[%emt 00:00:50]} 26. Ng5 {[%clk 00:31:20]} {[%emt
00:00:55]} Rxg5 {[%clk 01:05:02]} {[%emt 00:03:32]} 27. Qxg5 {[%clk 00:30:59]}
{[%emt 00:00:51]} Qxe5 {[%clk 01:05:20]} {[%emt 00:00:10]} 28. Re3 {[%clk
00:30:56]} {[%emt 00:00:35]} Qd6 {[%clk 01:05:28]} {[%emt 00:00:22]} 29. Rae1
{[%clk 00:31:03]} {[%emt 00:00:23]} Bc8 {[%clk 01:05:37]} {[%emt 00:00:22]} 30.
Qh6 {[%clk 00:30:26]} {[%emt 00:01:07]} Qe7 {[%clk 01:05:42]} {[%emt 00:00:24]}
31. Rxe6 {[%clk 00:25:55]} {[%emt 00:05:01]} Bxe6 {[%clk 01:05:52]} {[%emt
00:00:19]} 32. Qxe6 {[%clk 00:25:26]} {[%emt 00:01:00]} Qd8 {[%clk 01:05:06]}
{[%emt 00:01:17]} 33. h3 {[%clk 00:23:36]} {[%emt 00:02:19]} Qh4 {[%clk
01:02:39]} {[%emt 00:02:56]} 34. Qe7 {[%clk 00:22:59]} {[%emt 00:01:08]} Qh6
{[%clk 01:02:43]} {[%emt 00:00:25]} 35. Qe5+ {[%clk 00:22:14]} {[%emt
00:01:16]} Rf6 {[%clk 01:01:32]} {[%emt 00:01:41]} 36. Qxd5 {[%clk 00:22:14]}
{[%emt 00:00:30]} Rd6 {[%clk 01:00:40]} {[%emt 00:01:21]} 37. Re8+ {[%clk
00:21:40]} {[%emt 00:01:05]} Kg7 {[%clk 01:00:47]} {[%emt 00:00:23]} 38. Re7+
{[%clk 00:21:25]} {[%emt 00:00:45]} Kh8 {[%clk 01:00:50]} {[%emt 00:00:26]} 39.
Qa8+ {[%clk 00:21:47]} {[%emt 00:00:09]} 1-0

[Event "DEM U10 2025"]
[Site "Willingen GER"]
[Date "2025.06.14"]
[Round "9"]
[White "Lüttgen, Jona"]
[Black "Tomovski, Leon"]
[Result "1-0"]
[Termination "normal"]
[Board "11"]
[WhiteElo "1621"]
[BlackElo "1540"]
[WhiteClock "00:46:08"]
[BlackClock "01:19:26"]
[PlyCount "81"]
[WhiteFideId "533014124"]
[BlackFideId "34691790"]
[EventCountry "GER"]
[EventRounds "9"]
[EventType "swiss"]
[EventDate "2025.06.07"]

1. d4 {[%clk 01:30:59]} {[%emt 00:00:01]} Nf6 {[%clk 01:30:51]} {[%emt
00:00:09]} 2. Nf3 {[%clk 01:31:03]} {[%emt 00:00:26]} e6 {[%clk 01:31:14]}
{[%emt 00:00:07]} 3. c4 {[%clk 01:31:01]} {[%emt 00:00:32]} d5 {[%clk
01:31:37]} {[%emt 00:00:06]} 4. Nc3 {[%clk 01:31:14]} {[%emt 00:00:19]} Be7
{[%clk 01:26:43]} {[%emt 00:05:23]} 5. cxd5 {[%clk 01:30:27]} {[%emt 00:01:17]}
exd5 {[%clk 01:27:03]} {[%emt 00:00:11]} 6. Qc2 {[%clk 01:28:09]} {[%emt
00:02:47]} O-O {[%clk 01:26:58]} {[%emt 00:00:34]} 7. Bg5 {[%clk 01:27:45]}
{[%emt 00:00:55]} Nc6 {[%clk 01:26:50]} {[%emt 00:00:38]} 8. a3 {[%clk
01:26:56]} {[%emt 00:01:19]} Ne4 {[%clk 01:26:12]} {[%emt 00:01:08]} 9. Bxe7
{[%clk 01:25:06]} {[%emt 00:02:20]} Nxe7 {[%clk 01:25:37]} {[%emt 00:01:06]}
10. Nxe4 {[%clk 01:25:07]} {[%emt 00:00:28]} dxe4 {[%clk 01:26:02]} {[%emt
00:00:05]} 11. Qxe4 {[%clk 01:24:25]} {[%emt 00:01:11]} c6 {[%clk 01:25:26]}
{[%emt 00:01:07]} 12. e3 {[%clk 01:20:31]} {[%emt 00:04:24]} Nd5 {[%clk
01:25:30]} {[%emt 00:00:26]} 13. Bc4 {[%emt 00:08:28]} Re8 {[%clk 01:25:06]}
{[%emt 00:00:01]} 14. Qb1 {[%clk 01:10:41]} {[%emt 00:03:14]} Bg4 {[%clk
01:25:04]} {[%emt 00:00:32]} 15. Ne5 {[%clk 01:08:03]} {[%emt 00:03:08]} Bh5
{[%clk 01:22:36]} {[%emt 00:02:58]} 16. O-O {[%clk 01:04:23]} {[%emt 00:04:10]}
Qg5 {[%clk 01:21:59]} {[%emt 00:01:08]} 17. Kh1 {[%clk 00:56:03]} {[%emt
00:08:50]} Re6 {[%clk 01:20:44]} {[%emt 00:01:46]} 18. f4 {[%clk 00:52:09]}
{[%emt 00:04:23]} Qh4 {[%clk 01:19:20]} {[%emt 00:01:54]} 19. e4 {[%clk
00:50:11]} {[%emt 00:02:28]} Rh6 {[%clk 01:18:26]} {[%emt 00:01:24]} 20. Qe1
{[%clk 00:45:38]} {[%emt 00:05:04]} Qxe1 {[%clk 01:17:01]} {[%emt 00:01:56]}
21. Raxe1 {[%clk 00:45:05]} {[%emt 00:01:02]} Nb6 {[%clk 01:16:33]} {[%emt
00:00:59]} 22. Ba2 {[%clk 00:44:31]} {[%emt 00:01:04]} Kf8 {[%clk 01:15:40]}
{[%emt 00:01:23]} 23. g4 {[%clk 00:44:43]} {[%emt 00:00:18]} f6 {[%clk
01:16:06]} {[%emt 00:00:05]} 24. g5 {[%clk 00:44:11]} {[%emt 00:01:01]} Rg6
{[%clk 01:15:55]} {[%emt 00:00:41]} 25. Nxg6+ {[%emt 00:00:19]} Bxg6 {[%clk
01:15:57]} {[%emt 00:00:18]} 26. f5 {[%clk 00:44:19]} {[%emt 00:00:42]} Bf7
{[%clk 01:16:16]} {[%emt 00:00:11]} 27. Bxf7 {[%clk 00:44:33]} {[%emt
00:00:18]} Kxf7 {[%clk 01:16:45]} 28. gxf6 {[%emt 00:00:17]} gxf6 {[%clk
01:17:02]} {[%emt 00:00:08]} 29. e5 {[%clk 00:45:06]} {[%emt 00:00:15]} Nc4
{[%clk 01:17:15]} {[%emt 00:00:16]} 30. e6+ {[%clk 00:44:47]} {[%emt 00:00:49]}
Ke7 {[%clk 01:16:48]} {[%emt 00:00:57]} 31. Rg1 {[%clk 00:44:42]} {[%emt
00:00:35]} Nd6 {[%clk 01:17:13]} {[%emt 00:00:05]} 32. Rg7+ {[%clk 00:44:32]}
{[%emt 00:00:40]} Kf8 {[%clk 01:17:35]} {[%emt 00:00:08]} 33. Rxh7 {[%clk
00:44:14]} {[%emt 00:00:48]} Kg8 {[%clk 01:17:23]} {[%emt 00:00:42]} 34. Rd7
{[%clk 00:44:12]} {[%emt 00:00:32]} Nxf5 {[%clk 01:17:24]} {[%emt 00:00:29]}
35. e7 {[%clk 00:44:27]} {[%emt 00:00:15]} Nxe7 {[%clk 01:17:34]} {[%emt
00:00:21]} 36. Rexe7 {[%clk 00:44:24]} {[%emt 00:00:32]} f5 {[%clk 01:17:57]}
{[%emt 00:00:06]} 37. Rg7+ {[%clk 00:44:39]} {[%emt 00:00:15]} Kh8 {[%clk
01:18:12]} {[%emt 00:00:16]} 38. Rh7+ {[%clk 00:45:03]} {[%emt 00:00:06]} Kg8
{[%clk 01:18:36]} {[%emt 00:00:06]} 39. Rdg7+ {[%clk 00:45:26]} {[%emt
00:00:06]} Kf8 {[%clk 01:19:01]} {[%emt 00:00:06]} 40. Rh8+ {[%clk 00:45:47]}
{[%emt 00:00:09]} Kxg7 {[%clk 01:19:26]} {[%emt 00:00:05]} 41. Rxa8 {[%clk
00:46:08]} {[%emt 00:00:09]} 1-0

[Event "DEM U10 2025"]
[Site "Willingen GER"]
[Date "2025.06.14"]
[Round "9"]
[White "von Flottwell, Lionel"]
[Black "Busch, Jonathan Luis"]
[Result "0-1"]
[Termination "normal"]
[Board "12"]
[WhiteElo "1645"]
[BlackElo "1723"]
[WhiteClock "00:01:35"]
[BlackClock "01:01:42"]
[PlyCount "102"]
[WhiteFideId "34632727"]
[BlackFideId "34664874"]
[EventCountry "GER"]
[EventRounds "9"]
[EventType "swiss"]
[EventDate "2025.06.07"]

1. e4 {[%clk 01:30:14]} {[%emt 00:00:46]} e5 {[%clk 01:30:43]} {[%emt
00:00:17]} 2. Nf3 {[%clk 01:30:40]} {[%emt 00:00:05]} Nc6 {[%clk 01:31:06]}
{[%emt 00:00:06]} 3. Nc3 {[%emt 00:00:05]} Nf6 {[%clk 01:31:30]} {[%emt
00:00:05]} 4. d4 {[%clk 01:31:28]} {[%emt 00:00:08]} exd4 {[%clk 01:31:54]}
{[%emt 00:00:06]} 5. Nxd4 {[%clk 01:31:53]} {[%emt 00:00:05]} Bb4 {[%clk
01:32:15]} {[%emt 00:00:08]} 6. Nxc6 {[%clk 01:32:07]} {[%emt 00:00:17]} bxc6
{[%clk 01:32:32]} {[%emt 00:00:13]} 7. Bd3 {[%clk 01:32:32]} {[%emt 00:00:05]}
d5 {[%clk 01:32:50]} {[%emt 00:00:12]} 8. exd5 {[%clk 01:32:49]} {[%emt
00:00:13]} cxd5 {[%clk 01:33:12]} {[%emt 00:00:08]} 9. O-O {[%clk 01:33:14]}
{[%emt 00:00:05]} O-O {[%clk 01:33:31]} {[%emt 00:00:11]} 10. Bg5 {[%clk
01:33:35]} {[%emt 00:00:09]} c6 {[%clk 01:33:52]} {[%emt 00:00:09]} 11. Qf3
{[%clk 01:33:56]} {[%emt 00:00:08]} Be7 {[%clk 01:34:00]} {[%emt 00:00:24]} 12.
Rae1 {[%clk 01:33:34]} {[%emt 00:00:51]} Be6 {[%clk 01:30:47]} {[%emt
00:03:42]} 13. h3 {[%clk 01:30:37]} {[%emt 00:03:28]} c5 {[%clk 01:28:28]}
{[%emt 00:02:50]} 14. Bf5 {[%clk 01:18:36]} {[%emt 00:12:31]} Bxf5 {[%clk
01:24:57]} {[%emt 00:04:00]} 15. Qxf5 {[%clk 01:17:25]} {[%emt 00:01:41]} d4
{[%clk 01:23:20]} {[%emt 00:02:07]} 16. Rxe7 {[%emt 00:09:26]} Qxe7 {[%clk
01:21:58]} {[%emt 00:01:49]} 17. Nd5 {[%clk 01:07:53]} {[%emt 00:01:09]} Qe6
{[%clk 01:21:43]} {[%emt 00:00:45]} 18. Nxf6+ {[%clk 00:27:20]} {[%emt
00:41:03]} gxf6 {[%clk 01:21:13]} {[%emt 00:00:58]} 19. Qxf6 {[%clk 00:27:23]}
{[%emt 00:00:28]} Qxf6 {[%clk 01:21:24]} {[%emt 00:00:19]} 20. Bxf6 {[%clk
00:27:47]} {[%emt 00:00:06]} Rfe8 {[%clk 01:21:27]} {[%emt 00:00:28]} 21. f4
{[%clk 00:27:27]} {[%emt 00:00:49]} Re6 {[%clk 01:21:28]} {[%emt 00:00:29]} 22.
Bg5 {[%clk 00:26:27]} {[%emt 00:01:30]} Re2 {[%clk 01:17:59]} {[%emt 00:04:00]}
23. f5 {[%clk 00:23:08]} {[%emt 00:03:49]} Rae8 {[%clk 01:16:33]} {[%emt
00:01:54]} 24. Rf3 {[%clk 00:19:45]} {[%emt 00:03:54]} h6 {[%clk 01:14:16]}
{[%emt 00:02:48]} 25. Bxh6 {[%clk 00:14:56]} {[%emt 00:05:19]} Kh7 {[%clk
01:14:31]} {[%emt 00:00:15]} 26. Bf4 {[%clk 00:14:56]} {[%emt 00:00:28]} Rxc2
{[%clk 01:14:39]} {[%emt 00:00:23]} 27. Bd6 {[%clk 00:14:15]} {[%emt 00:01:11]}
c4 {[%clk 01:11:09]} {[%emt 00:04:00]} 28. b3 {[%clk 00:05:21]} {[%emt
00:09:24]} d3 {[%clk 01:09:59]} {[%emt 00:01:41]} 29. Bb4 {[%clk 00:04:54]}
{[%emt 00:00:57]} a5 {[%clk 01:02:57]} {[%emt 00:07:32]} 30. Bxa5 {[%clk
00:01:53]} {[%emt 00:03:31]} Ra8 {[%clk 01:03:08]} {[%emt 00:00:18]} 31. Bb4
{[%clk 00:00:55]} {[%emt 00:01:28]} Raxa2 {[%clk 01:03:11]} {[%emt 00:00:28]}
32. Rf4 {[%clk 00:00:36]} {[%emt 00:00:49]} d2 {[%clk 00:59:31]} {[%emt
00:04:10]} 33. Bxd2 {[%clk 00:00:33]} {[%emt 00:00:33]} Rxd2 {[%clk 00:59:42]}
{[%emt 00:00:19]} 34. Rg4 {[%clk 00:00:47]} {[%emt 00:00:16]} cxb3 {[%clk
00:59:57]} {[%emt 00:00:14]} 35. Kh2 {[%clk 00:00:36]} {[%emt 00:00:41]} b2
{[%clk 00:59:49]} {[%emt 00:00:39]} 36. Rb4 {[%clk 00:00:57]} {[%emt 00:00:09]}
Rxg2+ {[%clk 00:59:39]} {[%emt 00:00:40]} 37. Kh1 {[%clk 00:01:23]} {[%emt
00:00:04]} Rc2 {[%clk 00:59:40]} {[%emt 00:00:28]} 38. Rh4+ {[%clk 00:01:18]}
{[%emt 00:00:35]} Kg7 {[%clk 01:00:00]} {[%emt 00:00:10]} 39. Rg4+ {[%clk
00:01:18]} {[%emt 00:00:29]} Kf6 {[%clk 01:00:22]} {[%emt 00:00:10]} 40. Rg1
{[%clk 00:00:52]} {[%emt 00:00:55]} Rh2+ {[%clk 01:00:12]} {[%emt 00:00:40]}
41. Kxh2 {[%clk 00:01:16]} {[%emt 00:00:06]} b1=Q+ {[%clk 01:00:29]} {[%emt
00:00:12]} 42. Rg2 {[%clk 00:01:05]} {[%emt 00:00:43]} Qb8+ {[%clk 01:00:05]}
{[%emt 00:00:53]} 43. Kg1 {[%clk 00:00:54]} {[%emt 00:00:41]} Qb6+ {[%clk
01:00:21]} {[%emt 00:00:14]} 44. Kh2 {[%clk 00:00:46]} {[%emt 00:00:38]} Qd6+
{[%clk 01:00:35]} {[%emt 00:00:16]} 45. Kg1 {[%clk 00:00:59]} {[%emt 00:00:17]}
Rxg2+ {[%clk 01:00:20]} {[%emt 00:00:45]} 46. Kxg2 {[%clk 00:01:21]} {[%emt
00:00:08]} Qf4 {[%clk 01:00:38]} {[%emt 00:00:12]} 47. h4 {[%clk 00:01:41]}
{[%emt 00:00:09]} Kxf5 {[%clk 01:00:59]} {[%emt 00:00:10]} 48. h5 {[%clk
00:01:53]} {[%emt 00:00:18]} Kg4 {[%clk 01:01:18]} {[%emt 00:00:11]} 49. Kh1
{[%clk 00:00:57]} {[%emt 00:01:26]} Kg3 {[%clk 01:01:23]} {[%emt 00:00:25]} 50.
Kg1 {[%clk 00:01:18]} {[%emt 00:00:09]} Qf2+ {[%clk 01:01:42]} {[%emt
00:00:11]} 51. Kh1 {[%clk 00:01:35]} {[%emt 00:00:12]} Qh2# {[%emt 00:00:15]}
0-1

[Event "DEM U10 2025"]
[Site "Willingen GER"]
[Date "2025.06.14"]
[Round "9"]
[White "Solar, Mavi"]
[Black "Grimm, Jakob"]
[Result "0-1"]
[Termination "normal"]
[Board "13"]
[WhiteElo "1297"]
[BlackElo "1698"]
[WhiteClock "00:07:13"]
[BlackClock "00:45:15"]
[PlyCount "96"]
[WhiteFideId "533008973"]
[BlackFideId "34635645"]
[EventCountry "GER"]
[EventRounds "9"]
[EventType "swiss"]
[EventDate "2025.06.07"]

1. e4 {[%clk 01:30:59]} {[%emt 00:00:01]} e5 {[%clk 01:30:55]} {[%emt
00:00:05]} 2. Nf3 {[%clk 01:31:24]} {[%emt 00:00:04]} Nc6 {[%clk 01:31:23]}
{[%emt 00:00:03]} 3. Bb5 {[%clk 01:31:47]} {[%emt 00:00:07]} a6 {[%clk
01:31:46]} {[%emt 00:00:07]} 4. Ba4 {[%clk 01:32:11]} {[%emt 00:00:07]} Nf6
{[%clk 01:32:09]} {[%emt 00:00:06]} 5. O-O {[%clk 01:32:34]} {[%emt 00:00:07]}
Be7 {[%clk 01:32:35]} {[%emt 00:00:04]} 6. Re1 {[%clk 01:31:46]} {[%emt
00:01:18]} b5 {[%clk 01:32:57]} {[%emt 00:00:09]} 7. Bb3 {[%clk 01:32:08]}
{[%emt 00:00:08]} O-O {[%clk 01:33:21]} {[%emt 00:00:06]} 8. c3 {[%clk
01:31:54]} {[%emt 00:00:44]} d5 {[%clk 01:33:04]} {[%emt 00:00:47]} 9. exd5
{[%clk 01:31:58]} {[%emt 00:00:26]} Nxd5 {[%clk 01:33:31]} {[%emt 00:00:03]}
10. Nxe5 {[%clk 01:31:14]} {[%emt 00:01:14]} Nxe5 {[%clk 01:34:00]} {[%emt
00:00:01]} 11. Rxe5 {[%clk 01:31:21]} {[%emt 00:00:22]} c6 {[%clk 01:34:25]}
{[%emt 00:00:06]} 12. g3 {[%clk 01:31:23]} {[%emt 00:00:29]} Bd6 {[%clk
01:31:30]} {[%emt 00:03:25]} 13. Re1 {[%clk 01:31:11]} {[%emt 00:00:41]} Qd7
{[%clk 01:29:27]} {[%emt 00:02:34]} 14. d4 {[%clk 01:19:23]} {[%emt 00:12:17]}
Qh3 {[%clk 01:26:02]} {[%emt 00:03:55]} 15. Qf3 {[%clk 01:19:04]} {[%emt
00:00:49]} Bg4 {[%clk 01:26:02]} {[%emt 00:00:29]} 16. Qg2 {[%clk 01:18:02]}
{[%emt 00:01:33]} Qh5 {[%clk 01:26:23]} {[%emt 00:00:09]} 17. Nd2 {[%clk
01:06:00]} {[%emt 00:12:32]} Rae8 {[%clk 01:23:24]} {[%emt 00:03:30]} 18. Rxe8
{[%clk 00:58:19]} {[%emt 00:08:09]} Rxe8 {[%clk 01:23:39]} {[%emt 00:00:16]}
19. Qf1 {[%clk 00:46:49]} {[%emt 00:12:00]} Bh3 {[%clk 01:22:46]} {[%emt
00:01:23]} 20. Bd1 {[%clk 00:46:15]} {[%emt 00:01:04]} Qf5 {[%clk 01:16:29]}
{[%emt 00:06:46]} 21. Bc2 {[%clk 00:44:20]} {[%emt 00:02:26]} Qe6 {[%clk
01:11:09]} {[%emt 00:05:49]} 22. Qd1 {[%clk 00:42:08]} {[%emt 00:02:43]} Qe1+
{[%clk 01:11:19]} {[%emt 00:00:21]} 23. Nf1 {[%clk 00:41:57]} {[%emt 00:00:40]}
Qxd1 {[%clk 01:03:17]} {[%emt 00:08:31]} 24. Bxd1 {[%clk 00:39:36]} {[%emt
00:02:52]} Re1 {[%clk 01:03:39]} {[%emt 00:00:08]} 25. Be2 {[%clk 00:24:53]}
{[%emt 00:15:13]} Rxe2 {[%clk 01:03:03]} {[%emt 00:01:06]} 26. Be3 {[%clk
00:16:26]} {[%emt 00:08:56]} Bxf1 {[%clk 00:59:25]} {[%emt 00:04:08]} 27. Kxf1
{[%clk 00:16:33]} {[%emt 00:00:23]} Rxb2 {[%clk 00:59:48]} {[%emt 00:00:07]}
28. a4 {[%clk 00:16:10]} {[%emt 00:00:54]} Nxe3+ {[%clk 00:59:51]} {[%emt
00:00:27]} 29. fxe3 {[%clk 00:15:48]} {[%emt 00:00:52]} Rxh2 {[%clk 01:00:03]}
{[%emt 00:00:18]} 30. Kg1 {[%emt 00:06:53]} Rh6 {[%clk 00:53:54]} 31. axb5
{[%clk 00:15:22]} {[%emt 00:01:12]} axb5 {[%clk 00:52:45]} {[%emt 00:01:40]}
32. Ra6 {[%clk 00:13:18]} {[%emt 00:02:33]} Bf8 {[%clk 00:53:01]} {[%emt
00:00:14]} 33. Kf2 {[%clk 00:12:22]} {[%emt 00:01:25]} f5 {[%clk 00:53:06]}
{[%emt 00:00:25]} 34. Kf3 {[%clk 00:12:26]} {[%emt 00:00:26]} Rd6 {[%clk
00:52:29]} {[%emt 00:01:08]} 35. Kf4 {[%clk 00:12:12]} {[%emt 00:00:44]} g6
{[%clk 00:51:46]} {[%emt 00:01:13]} 36. Ra8 {[%clk 00:11:26]} {[%emt 00:01:16]}
Kf7 {[%clk 00:52:00]} {[%emt 00:00:16]} 37. Ra7+ {[%clk 00:10:38]} {[%emt
00:01:19]} Be7 {[%clk 00:52:16]} {[%emt 00:00:13]} 38. e4 {[%clk 00:10:25]}
{[%emt 00:00:43]} fxe4 {[%clk 00:50:56]} {[%emt 00:01:51]} 39. Kxe4 {[%clk
00:10:30]} {[%emt 00:00:24]} Ke6 {[%clk 00:51:12]} {[%emt 00:00:15]} 40. Ra8
{[%clk 00:10:08]} {[%emt 00:00:51]} Rd8 {[%clk 00:50:49]} {[%emt 00:00:52]} 41.
Ra6 {[%clk 00:10:20]} {[%emt 00:00:18]} Rc8 {[%clk 00:47:47]} {[%emt 00:03:33]}
42. Ra1 {[%clk 00:10:08]} {[%emt 00:00:42]} Bd6 {[%clk 00:46:05]} {[%emt
00:02:12]} 43. Kf3 {[%clk 00:09:19]} {[%emt 00:01:18]} Kd5 {[%clk 00:46:26]}
{[%emt 00:00:10]} 44. Rc1 {[%clk 00:07:39]} {[%emt 00:02:10]} Kc4 {[%clk
00:46:33]} {[%emt 00:00:24]} 45. g4 {[%clk 00:07:09]} {[%emt 00:00:58]} Rf8+
{[%clk 00:46:49]} {[%emt 00:00:15]} 46. Ke2 {[%clk 00:07:08]} {[%emt 00:00:31]}
Bf4 {[%clk 00:47:00]} {[%emt 00:00:20]} 47. Rc2 {[%clk 00:07:04]} {[%emt
00:00:32]} Kb3 {[%clk 00:46:04]} {[%emt 00:01:27]} 48. Kd3 {[%clk 00:07:13]}
{[%emt 00:00:21]} Re8 {[%clk 00:45:15]} {[%emt 00:01:20]} 0-1